| 000 | 01623nam0a2200385 4500 | ||
|---|---|---|---|
| 001 | RU\NLR\BIBL_A\012685611 | ||
| 005 | 20220324103256.0 | ||
| 010 |
_a978-5-907358-68-3 _91000 |
||
| 021 |
_aRU _bКН-П-21-063596 _9КН-П-21-4995 |
||
| 035 | _a(NLR Aleph) 012685611 | ||
| 035 | _a(RuMoRGB)010805857 | ||
| 090 |
_a12829914 _c12829914 |
||
| 100 | _a20220117d2021 c y0rusy50 ca | ||
| 101 | 1 |
_arus _ckal |
|
| 102 | _aRU | ||
| 105 | _aac z 000ay | ||
| 181 | 0 |
_ai _baxxe |
|
| 182 | 0 | _an | |
| 200 | 1 |
_aТулугак - мальчик-ворон _eсказка о том, как изменяется климат на нашей планете _e[для детей младшего и среднего школьного возраста] _fЛана Хансен _gперевод с гренландского Вадима Грушевского _gиллюстрации Георга Ольсена |
|
| 203 |
_aТекст _bвизуальный _cнепосредственный |
||
| 210 |
_aМосква _cГородец _d2021 |
||
| 215 |
_a59, [1] с. _cцв. ил., портр. _d25 |
||
| 225 | 1 | _aСкандинавская линия "НордБук" | |
| 333 | _a6+ | ||
| 686 | 0 | _aШ9(4Д)60-4 | |
| 686 | 0 | _aШ9(4Д)62-4 | |
| 700 | 1 |
_7ca _8rus _aХансен _bЛ. _f1970- _gЛана _9240371 _3RU\NLR\AUTH\770240427 |
|
| 702 | 1 |
_aОльсен _bГ. _f1974- _gГеорг _4440 |
|
| 942 | _cBOOK | ||
| 980 | _aNB | ||